000
00184 a2200097 4500
020
_a
9781416975588
041
_a
eng
100
_a
Robar, Serena
245
_a
Giving up the V
942
_c
BK
999
_c
9315
_d
9315